Państwa Świata 15min - Statystyki

Ogólne statystyki
  • Ten quiz został rozwiązany 1 614 razy
  • Średni wynik to 123 z 197
Odpowiedzi na mapie
Odpowiedzi zakodowano w zielono-czerwonej skali na mapie do tego quizu, zgodnie z poniższymi procentami.
 
Statystyki odpowiedzi
Odpowiedzi % Poprawnych
Stany Zjednoczone
96%
Polska
95%
Kanada
94%
Rosja
94%
Czechy
93%
Francja
93%
Hiszpania
93%
Niemcy
93%
Ukraina
93%
Litwa
92%
Wielka Brytania
92%
Włochy
92%
Chiny
91%
Meksyk
91%
Norwegia
91%
Portugalia
91%
Słowacja
91%
Szwecja
91%
Australia
90%
Białoruś
90%
Dania
90%
Grecja
90%
Łotwa
90%
Turcja
90%
Brazylia
89%
Estonia
89%
Finlandia
89%
Japonia
89%
Argentyna
88%
Austria
88%
Egipt
88%
Irlandia
88%
Korea Południowa
88%
Chorwacja
87%
Holandia
87%
Indie
87%
Korea Północna
87%
Belgia
86%
Islandia
86%
Szwajcaria
86%
Chile
84%
Węgry
84%
Bośnia i Hercegowina
83%
Kazachstan
83%
Rumunia
83%
Słowenia
83%
Albania
82%
Bułgaria
82%
Irak
82%
Madagaskar
82%
Południowa Afryka
82%
Republika Południowej Afryki
82%
Iran
81%
Maroko
81%
Arabia Saudyjska
79%
Kuba
79%
Niger
79%
Mongolia
78%
Izrael
77%
Nowa Zelandia
77%
Cypr
76%
Macedonia Północna
76%
Mołdawia
76%
Peru
76%
Serbia
76%
Czarnogóra
75%
Indonezja
75%
Tajlandia
75%
Kolumbia
74%
Nigeria
74%
Demokratyczna Republika Konga
73%
Malta
73%
Oman
72%
Watykan
72%
Wenezuela
72%
Gruzja
71%
Kosowo
71%
Luksemburg
71%
Boliwia
70%
Filipiny
70%
Kongo
70%
Tunezja
70%
Wietnam
70%
Zjednoczone Emiraty Arabskie
70%
Algieria
69%
Pakistan
69%
Urugwaj
69%
Afganistan
68%
Dominika
68%
Uzbekistan
68%
Azerbejdżan
66%
Jemen
66%
Libia
66%
Sri Lanka
66%
Sudan
66%
Panama
65%
Andora
64%
Ekwador
64%
Liechtenstein
64%
Malezja
64%
Armenia
63%
Paragwaj
63%
San Marino
63%
Dominikana
62%
Etiopia
62%
Nepal
62%
Czad
61%
Kenia
61%
Monako
61%
Syria
61%
Katar
60%
Tadżykistan
60%
Tajwan
60%
Turkmenistan
60%
Gwinea
59%
Somalia
59%
Jordania
58%
Kirgistan
58%
Angola
57%
Jamajka
57%
Bangladesz
56%
Kambodża
56%
Papua-Nowa Gwinea
56%
Haiti
55%
Laos
55%
Wybrzeże Kości Słoniowej
55%
Zimbabwe
54%
Mali
53%
Sudan Południowy
53%
Zambia
53%
Kostaryka
52%
Liban
52%
Senegal
51%
Tanzania
51%
Gujana
50%
Malediwy
50%
Ghana
49%
Republika Zielonego Przylądka
49%
Uganda
49%
Gwatemala
48%
Honduras
47%
Kuwejt
47%
Bhutan
46%
Mjanma
45%
Mozambik
45%
Surinam
45%
Nikaragua
44%
Fidżi
43%
Salwador
43%
Bahamy
42%
Belize
42%
Botswana
42%
Erytrea
42%
Mauretania
42%
Seszele
42%
Togo
42%
Gwinea Równikowa
41%
Mikronezja
41%
Republika Środkowoafrykańska
41%
Liberia
40%
Rwanda
40%
Kamerun
39%
Lesotho
39%
Wyspy Świętego Tomasza i Książęca
39%
Namibia
38%
Singapur
37%
Wyspy Marshalla
37%
Benin
36%
Gabon
36%
Gwinea Bissau
36%
Burkina Faso
35%
Wyspy Salomona
35%
Eswatini
34%
Gambia
33%
Timor Wschodni
33%
Sierra Leone
32%
Bahrajn
31%
Dżibuti
31%
Komory
31%
Mauritius
31%
Palau
31%
Saint Lucia
31%
Barbados
30%
Burundi
29%
Kiribati
29%
Malawi
29%
Trynidad i Tobago
29%
Samoa
28%
Tuvalu
28%
Tonga
27%
Antigua i Barbuda
26%
Grenada
26%
Saint Kitts i Nevis
26%
Nauru
25%
Brunei
24%
Saint Vincent i Grenadyny
23%
Vanuatu
23%
Nie znaleziono quizów pasujących do podanych kryteriów
Rozkład punktacji
Procent ludzi z każdym wynikiem
Percentyl według liczby udzielonych odpowiedzi
Twoja historia wyników
Nie rozwiązałeś tego quizu